[Event "Fajr op 18th"]
[Site "Mashhad"]
[Date "2010.02.25"]
[Round "9"]
[White "Abedi, Abolfazi"]
[Black "Bahmaee, Mohammadali"]
[Result "1-0"]
[WhiteElo "2177"]
[BlackElo "1951"]
[PlyCount "85"]
[EventDate "2010.02.20"]
[EventType "swiss"]
[EventRounds "11"]
[EventCountry "IRI"]
[SourceTitle "CBM 135 Extra"]
[Source "ChessBase"]
[SourceDate "2010.05.04"]
[SourceVersion "1"]
[SourceVersionDate "2010.05.04"]
[SourceQuality "1"]

1. d4 Nf6 2. Nf3 d6 3. c4 g6 4. g3 Bg7 5. Bg2 0-0 6. 0-0 Nbd7 7. Nc3 c5 8. d5 a6 9. a4 Rb8 10. Qd3 Ng4 11. e4 Qa5 12. Nd2 Qb4 13. h3 Nge5 14. Qe2 Nf6 15. f4 Ned7 16. Kh2 Ne8 17. Qd3 Qa5 18. Nb3 Qc7 19. Bd2 b5 20. axb5 axb5 21. Na5 bxc4 22. Nxc4 Nb6 23. b3 Qd7 24. Rae1 Nc7 25. e5 Nxc4 26. bxc4 Rb2 27. Ne4 h6 28. Qa3 Rb8 29. Bc3 Ba6 30. exd6 exd6 31. Bf6 Qf5 32. Qa1 Bxf6 33. Nxf6+ Kh8 34. Nd7+ Kg8 35. Nxb8 Rxb8 36. Re7 Bxc4 37. Rfe1 Bxd5 38. Bxd5 Qxd5 39. Rxc7 Qd2+ 40. Kg1 Rb2 41. Qa8+ Kg7 42. Rxf7+ Kxf7 43. Qe8+ 1-0

[Event "Fajr op 18th"]
[Site "Mashhad"]
[Date "2010.02.24"]
[Round "7"]
[White "Grabliauskas, Virginijus"]
[Black "Bahmaee, Mohammadali"]
[Result "1/2-1/2"]
[WhiteElo "2422"]
[BlackElo "1951"]
[PlyCount "68"]
[EventDate "2010.02.20"]
[EventType "swiss"]
[EventRounds "11"]
[EventCountry "IRI"]
[SourceTitle "CBM 135 Extra"]
[Source "ChessBase"]
[SourceDate "2010.05.04"]
[SourceVersion "1"]
[SourceVersionDate "2010.05.04"]
[SourceQuality "1"]

1. d4 Nf6 2. c4 g6 3. Nc3 Bg7 4. e4 d6 5. Nf3 0-0 6. Be2 e5 7. 0-0 Nc6 8. d5 Ne7 9. Ne1 Ne8 10. Be3 f5 11. f3 f4 12. Bf2 g5 13. a4 Nf6 14. c5 h5 15. a5 Ng6 16. cxd6 cxd6 17. Nb5 g4 18. Nxa7 g3 19. Bb6 Qe7 20. Nxc8 Rfxc8 21. Bb5 Nf8 22. Kh1 N6h7 23. Nd3 Qh4 24. Bg1 gxh2 25. Bb6 Qg5 26. Nf2 Bf6 27. Nh3 Qg7 28. Bf2 Ng6 29. Qe1 Rc2 30. Kxh2 Rxb2 31. Be2 Rc8 32. Rb1 Ra2 33. Rb6 Rcc2 34. Ng1 Qd7 1/2-1/2